000 01204cam a2200313 4500
008 000000n2002 000 0 eng u
020 _a0421727306
035 _a(Sirsi) u113290
050 _a346.41036
100 _aElvin, D.
245 _aUnlawful interference with land
250 _a2nd ed.
260 _aLondon
_bSweet & Maxwell
_c2002
300 _alxxxvii,618p.
_c26cm.
350 _a145
520 _aA new edition of this reference work which aims to provide practitioners with specialist knowledge of the law of trespass and eviction, in particular nuisance, breach of covenants and interference. The text has been expanded and updated to take account of recent developments in case law and the introduction of the Countryside and Rights of Way Act 2000, the Land Registration Act 2002, and the Human Rights Act 1998.
650 _aBREACH OF COVENANT
650 _aCOUNTRYSIDE AND RIGHTS OF WAY ACT 2000
650 _aEVICTION
650 _aHUMAN RIGHTS ACT 1998
650 _aINTERFERENCE
650 _aLAND REGISTRATION ACT 2002
650 _aNUISANCE
650 _aLAND REGISTRATION
650 _aTRESPASS
690 _aLAW
700 _aKaras, J.
942 _n0
999 _c101515
_d101515